Mezinárodní konference o vodní energetice = International Conference on Hydro-power Engineering : sborník přednášek 17. mezinárodní konference Hydroturbo : Česká republika, hotel Myslivna - Brno, 18.-22. října 2004 /

Other Authors: Hydroturbo (konference), Štigler, Jaroslav, 1967-
Language: Slovak
Czech
English
Published: V Brně : VUT FSI, 2004
Physical Description: [280] s. : il. ; 30 cm
Language note: Český, anglický a slovenský text
Book
Saved in:
LEADER 01314nam a2200313 a 4500
001 000768356
003 CZ BrMZK
005 20050610184743.0
007 ta
008 050330s2004 xr a fr 100 0 cze d
040 |a BOA001  |b cze 
041 0 |a cze  |a eng  |a slo 
072 7 |a 621.3  |x Elektrotechnika  |2 Konspekt  |9 19 
080 |a 621.311.21  |2 MRF 
080 |a (062.534)  |2 MRF 
111 2 |a Hydroturbo (konference)  |d (2004 :  |c Brno, Česko)  |7 mzk2005280274 
245 1 0 |a Mezinárodní konference o vodní energetice =  |b International Conference on Hydro-power Engineering : sborník přednášek 17. mezinárodní konference Hydroturbo : Česká republika, hotel Myslivna - Brno, 18.-22. října 2004 /  |c [redakční úprava Štigler Jaroslav] 
246 3 1 |a International Conference on Hydro-power Engineering 
260 |a V Brně :  |b VUT FSI,  |c 2004 
300 |a [280] s. :  |b il. ;  |c 30 cm 
504 |a Obsahuje bibliografie 
546 |a Český, anglický a slovenský text 
650 0 7 |a vodní elektrárny  |7 ph116600  |2 czenas 
655 7 |a sborníky konferencí  |7 fd133333  |2 czenas 
700 1 |a Štigler, Jaroslav,  |d 1967-  |7 jo2008412248  |4 red 
910 |a BOA001  |b 3-1151.398 
990 |a BK 
991 |b 200506  |c NOV 
996 6 |b 2610248720  |c 3-1151.398  |l MZK  |r Sklad / do 1 hodiny  |n 0  |p dar  |w 000768356  |u 000010  |a 1  |e BOA001  |j MZK50  |s P